000 00369 a2200169 4500
001 45167
020 _a8508028229
040 _cAnchieta - Aquarius
100 _aOrthof, Sylvia
240 1 0 _aA limpeza de Teresa
_lpor
245 1 0 _aA limpeza de Teresa
300 _a32
362 0 _a2002
440 1 _aÁtica
650 4 _aLiteratura infanto-juvenil
942 _cBK
999 _c45167
_d45167